000 00948cab a2200265 4500
001 WB3332-37
008 090401t1997 xxu||||| |||| 00| 0 eng d
035 _a(Sirsi) u80234
041 _aeng
245 _aLand sale to bail out tunnel link
260 _c1997
350 _a0
490 _aGuardian
_v13 August 1997, 1
490 _aFinancial Times
_v14 August 1997, 8(1)
520 _aLondon and Continental Railways (LCR) has been promised a £1.4bn subsidy of public money to help solve the funding crisis of the Channel Tunnel rail link. The DoT may also allow the company to sell government-owned land at King`s Cross and Stratford in order to save the project.
650 _aCHANNEL TUNNEL RAIL LINK
650 _aFUNDING
650 _aKINGS CROSS
650 _aLAND SALE
650 _aLONDON AND CONTINENTAL RAILWAYS
650 _aSTRATFORD
690 _aTRANSPORT AND COMMUNICATIONS
942 _n0
948 _c13/08/1997
999 _c50505
_d50505